[Event "DVM U20w 2015"]
[Site "Osnabrück GER"]
[Date "2015.12.27"]
[Round "2"]
[White "G., Diana"]
[Black "Antusch, Isabella"]
[Result "0-1"]
[Termination "normal"]
[Board "5.4"]
[WhiteElo "1328"]
[BlackElo "1139"]
[WhiteTeam "Hamburger SK von 1830"]
[BlackTeam "SK Freiburg Zähringen 1887"]
[PlyCount "82"]
[WhiteFideId "12964700"]
[BlackFideId "12963941"]
[EventCountry "GER"]
[EventRounds "7"]
[EventType "team-swiss"]
[EventDate "2015.12.26"]

1. e4 c5 2. Nf3 Nc6 3. d4 cxd4 4. Nxd4 Nf6 5. Nc3 e5 6. Ndb5 d6 7. Bg5 a6 8.
Na3 b5 9. Nd5 Be7 10. Bxf6 Bxf6 11. c3 Bg5 12. Nc2 O-O 13. a4 bxa4 14. Rxa4 Ne7
15. Ncb4 Nxd5 16. Nxd5 Bb7 17. Bc4 Bxd5 18. Bxd5 Rb8 19. b3 Qb6 20. O-O Kh8 21.
Qa1 Qc7 22. Rxa6 Kg8 23. Rd1 Qd7 24. b4 Kh8 25. Qa2 Rbc8 26. Bc4 Qc7 27. Bb3
Qxc3 28. Bxf7 Be7 29. h3 Qc2 30. Qd5 Qe2 31. Ra7 Bh4 32. Qd2 Bxf2+ 33. Kh1 Qxd2
34. Rxd2 Bxa7 35. Be6 Rc1+ 36. Kh2 Bg1+ 37. Kg3 Rc3+ 38. Kh4 Bf2+ 39. Kg4 Rg3+
40. Kh5 g6+ 41. Kh6 Be3# 0-1

[Event "DVM U20w 2015"]
[Site "Osnabrück GER"]
[Date "2015.12.27"]
[Round "2"]
[White "Wagner, Swenja"]
[Black "Weber, Sandra"]
[Result "0-1"]
[Termination "normal"]
[Board "6.1"]
[WhiteElo "1727"]
[BlackElo "1873"]
[WhiteTeam "Leegebrucher SF"]
[BlackTeam "SV Stuttgart-Wolfbusch 1956"]
[PlyCount "78"]
[WhiteFideId "12900494"]
[BlackFideId "1270049"]
[EventCountry "GER"]
[EventRounds "7"]
[EventType "team-swiss"]
[EventDate "2015.12.26"]

1. e4 c5 2. Nf3 Nc6 3. d4 cxd4 4. Nxd4 g6 5. Nc3 Bg7 6. Be3 Nf6 7. f3 O-O 8.
Bc4 Qb6 9. Bb3 Nxe4 10. Nd5 Qa5+ 11. Kf1 Nc5 12. Nxc6 dxc6 13. Nxe7+ Kh8 14.
Nxc8 Raxc8 15. c3 Rcd8 16. Qc2 Nxb3 17. Qxb3 b6 18. Kf2 Qf5 19. Rad1 Rfe8 20.
Rhe1 Kg8 21. Rxd8 Rxd8 22. Rd1 Rxd1 23. Qxd1 Bf6 24. g3 h5 25. Kg2 Qe6 26. Bd4
Bxd4 27. Qxd4 Qxa2 28. Qd2 Qe6 29. Kg1 c5 30. Kf1 Kg7 31. Qc2 b5 32. Kf2 Qd5
33. b3 a5 34. c4 Qd4+ 35. Kg2 bxc4 36. bxc4 Qa1 37. Qf2 a4 38. Qxc5 Qb2+ 39.
Kh3 a3 0-1

[Event "DVM U20w 2015"]
[Site "Osnabrück GER"]
[Date "2015.12.27"]
[Round "2"]
[White "Lederer, Leia"]
[Black "Wolff, Marie"]
[Result "0-1"]
[Termination "normal"]
[Board "6.2"]
[WhiteElo "1565"]
[BlackElo "1703"]
[WhiteTeam "SV Stuttgart-Wolfbusch 1956"]
[BlackTeam "Leegebrucher SF"]
[PlyCount "76"]
[WhiteFideId "12926353"]
[BlackFideId "12908258"]
[EventCountry "GER"]
[EventRounds "7"]
[EventType "team-swiss"]
[EventDate "2015.12.26"]

1. e4 c5 2. Nf3 Nc6 3. d4 cxd4 4. Nxd4 d6 5. Nc3 g6 6. Be3 Bg7 7. Qd2 Bd7 8.
Bc4 Nf6 9. f3 O-O 10. O-O-O Rc8 11. Bb3 a6 12. g4 b5 13. h4 h5 14. gxh5 Nxh5
15. Rdg1 e6 16. Nde2 Ne5 17. Rh3 b4 18. Nd1 a5 19. Nf4 Nxf4 20. Bxf4 a4 21.
Bxe5 axb3 22. axb3 Bxe5 23. h5 Qf6 24. Kb1 Bf4 25. Qf2 g5 26. h6 Kh7 27. Qe2 d5
28. Qd3 e5 29. Rhh1 Rc5 30. Ne3 Bb5 31. Qd2 Rd8 32. Qf2 dxe4 33. fxe4 Qa6 34.
Nd5 Rcxd5 35. exd5 Ra8 36. c4 bxc3 37. Rxg5 Bd3+ 38. Qc2 Qa2# 0-1

[Event "DVM U20w 2015"]
[Site "Osnabrück GER"]
[Date "2015.12.27"]
[Round "2"]
[White "Sauer, Annika"]
[Black "Kobald, Jacqueline"]
[Result "1-0"]
[Termination "normal"]
[Board "6.3"]
[WhiteElo "1653"]
[BlackElo "1434"]
[WhiteTeam "Leegebrucher SF"]
[BlackTeam "SV Stuttgart-Wolfbusch 1956"]
[PlyCount "85"]
[WhiteFideId "12952052"]
[BlackFideId "12988162"]
[EventCountry "GER"]
[EventRounds "7"]
[EventType "team-swiss"]
[EventDate "2015.12.26"]

1. d4 Nf6 2. Nf3 g6 3. c4 Bg7 4. Nc3 O-O 5. e4 d6 6. Be2 e5 7. d5 Nbd7 8. b4
Kh8 9. O-O a5 10. Ba3 axb4 11. Bxb4 Nc5 12. Qc2 Nh5 13. Rfe1 Nf4 14. Bf1 f5 15.
Bxc5 dxc5 16. g3 fxe4 17. Nxe4 Nh5 18. Bg2 Bg4 19. Re3 Bxf3 20. Bxf3 Bh6 21.
Rb3 b6 22. Bxh5 gxh5 23. Qe2 Qe8 24. Rf3 Rxf3 25. Qxf3 Qg6 26. Qf6+ Bg7 27.
Qxg6 hxg6 28. a4 Kg8 29. Kf1 Bh6 30. Ke2 Kf7 31. h3 Ke7 32. Kd3 Kf7 33. Nc3 Bg7
34. Ke4 Kf6 35. Nb5 Rc8 36. a5 bxa5 37. Rxa5 Bh6 38. Ra6+ Kf7 39. Rc6 Bg7 40.
Rxc5 Bf6 41. Rxc7+ Rxc7 42. Nxc7 Ke7 43. Ne6 1-0

[Event "DVM U20w 2015"]
[Site "Osnabrück GER"]
[Date "2015.12.28"]
[Round "4"]
[White "Spangenberg, Romy"]
[Black "Wiesner, Paula"]
[Result "0-1"]
[Termination "normal"]
[Board "1.1"]
[WhiteElo "1859"]
[BlackElo "2029"]
[WhiteClock "00:00:51"]
[BlackClock "00:24:17"]
[WhiteTeam "Chemnitzer SC Aufbau`95"]
[BlackTeam "Karlsruher SF 1853"]
[PlyCount "132"]
[WhiteFideId "4627997"]
[BlackFideId "24654019"]
[EventCountry "GER"]
[EventRounds "7"]
[EventType "team-swiss"]
[EventDate "2015.12.26"]

1. e4 e6 2. d4 d5 3. Nc3 Nf6 4. e5 Nfd7 5. f4 c5 6. Nf3 Nc6 7. Be3 f6 8. dxc5
Nxc5 9. Nd4 fxe5 10. Nxc6 bxc6 11. Qh5+ g6 12. Qxe5 Rg8 13. Bxc5 Bxc5 14. O-O-O
Qd6 15. Qxd6 Bxd6 16. g3 Kf7 17. Ne4 Be7 18. Nf2 g5 19. Ng4 Kg7 20. Ne5 c5 21.
c4 d4 22. Bg2 Rb8 23. Nc6 Rb7 24. Nxe7 Rxe7 25. fxg5 e5 26. Be4 Bh3 27. Rd3 Rf8
28. b3 Rf2 29. Rd2 Ref7 30. Rhd1 Bg4 31. Rxf2 Rxf2 32. Rd2 Rf1+ 33. Kc2 Bf5 34.
Bxf5 Rxf5 35. Kd3 Rf3+ 36. Ke4 Re3+ 37. Kd5 d3 38. Kxc5 e4 39. Kd4 Re2 40. Kc3
Re1 41. Rg2 Rc1+ 42. Kd4 Rc2 43. Rg1 Re2 44. Rd1 d2 45. b4 e3 46. Kd3 Re1 47.
Kc2 e2 48. Rxd2 Rc1+ 49. Kxc1 e1=Q+ 50. Kc2 Qe4+ 51. Kc3 Qe5+ 52. Rd4 Qe1+ 53.
Rd2 Kf7 54. c5 a5 55. bxa5 Qe3+ 56. Rd3 Qxc5+ 57. Kb3 Qb5+ 58. Kc2 Qc4+ 59. Rc3
Qxa2+ 60. Kd3 Qxh2 61. Kc4 Qa2+ 62. Kb4 Ke6 63. Rc6+ Kd5 64. Rb6 Qd2+ 65. Ka4
Kc5 66. g6 Qa2# 0-1

[Event "DVM U20w 2015"]
[Site "Osnabrück GER"]
[Date "2015.12.28"]
[Round "4"]
[White "Mangei, Jasmin"]
[Black "Hartewig, Anja"]
[Result "1/2-1/2"]
[Termination "normal"]
[Board "1.2"]
[WhiteElo "1890"]
[BlackElo "1761"]
[WhiteClock "00:11:06"]
[BlackClock "00:15:56"]
[WhiteTeam "Karlsruher SF 1853"]
[BlackTeam "Chemnitzer SC Aufbau`95"]
[PlyCount "118"]
[WhiteFideId "12951803"]
[BlackFideId "12917966"]
[EventCountry "GER"]
[EventRounds "7"]
[EventType "team-swiss"]
[EventDate "2015.12.26"]

1. e4 d6 2. d4 Nf6 3. Nc3 g6 4. h3 Bg7 5. Nf3 c6 6. a4 O-O 7. Be3 Qc7 8. a5
Nbd7 9. Be2 Rb8 10. O-O b6 11. axb6 axb6 12. Qd2 Bb7 13. Bh6 Ra8 14. Nh2 Rxa1
15. Rxa1 Ra8 16. Rxa8+ Bxa8 17. Bxg7 Kxg7 18. f4 c5 19. d5 Qa7 20. Bf3 Qa1+ 21.
Nd1 b5 22. Ng4 Nxg4 23. Bxg4 Nb6 24. Kh2 Bb7 25. Bf3 Qa2 26. b3 Qa1 27. Qc3+
Qxc3 28. Nxc3 b4 29. Na4 Nd7 30. g4 Ba6 31. Kg3 c4 32. Kf2 cxb3 33. cxb3 Bd3
34. Nb2 Bc2 35. Ke3 Nc5 36. e5 Bxb3 37. Kd4 Kf8 38. Be2 Ke8 39. Bc4 Bxc4 40.
Kxc4 Ne4 41. Nd3 Kd7 42. Kxb4 e6 43. Kc4 dxe5 44. Nxe5+ Ke7 45. Kd4 exd5 46.
Kxd5 Nf2 47. h4 f6 48. Nc6+ Kf7 49. g5 fxg5 50. hxg5 Kg7 51. Nd4 h6 52. Ne6+
Kh7 53. Nf8+ Kg7 54. Nxg6 Kxg6 55. gxh6 Kxh6 56. Ke6 Kg7 57. f5 Kf8 58. f6 Ng4
59. f7 Nh6 1/2-1/2

[Event "DVM U20w 2015"]
[Site "Osnabrück GER"]
[Date "2015.12.28"]
[Round "4"]
[White "Nitzsche, Pia"]
[Black "Wang, Yanru"]
[Result "1-0"]
[Termination "normal"]
[Board "1.3"]
[WhiteElo "1719"]
[BlackElo "1490"]
[WhiteClock "00:01:00"]
[BlackClock "00:10:35"]
[WhiteTeam "Chemnitzer SC Aufbau`95"]
[BlackTeam "Karlsruher SF 1853"]
[PlyCount "81"]
[WhiteFideId "12900370"]
[BlackFideId "12929328"]
[EventCountry "GER"]
[EventRounds "7"]
[EventType "team-swiss"]
[EventDate "2015.12.26"]

1. c4 e6 2. Nc3 d5 3. cxd5 exd5 4. d4 c6 5. Nf3 Nf6 6. Bf4 Bf5 7. e3 Qb6 8. Qd2
Nbd7 9. Be2 Be7 10. O-O O-O 11. a3 Ne4 12. Nxe4 Bxe4 13. b4 Rfe8 14. Rac1 a6
15. Qa2 Nf8 16. Nd2 Bf5 17. Nb3 Ne6 18. Bg3 Bg5 19. Bd1 Bd3 20. Be2 Bxe2 21.
Qxe2 Nxd4 22. Qd3 Nxb3 23. Qxb3 Re4 24. Rb1 Rae8 25. a4 d4 26. Bd6 dxe3 27.
fxe3 Bxe3+ 28. Kh1 R8e6 29. Qd1 Qd4 30. Bg3 Qxd1 31. Rbxd1 h5 32. h4 Rg6 33.
Kh2 Reg4 34. Rd8+ Kh7 35. Rf3 Bb6 36. Rd7 f5 37. Rf7 Bd8 38. R7xf5 Kh6 39. Kh3
Rxb4 40. Rf8 Bf6 41. Rh8# 1-0

[Event "DVM U20w 2015"]
[Site "Osnabrück GER"]
[Date "2015.12.28"]
[Round "4"]
[White "Bykov, Ilona"]
[Black "Fischer, Franziska"]
[Result "0-1"]
[Termination "normal"]
[Board "1.4"]
[WhiteElo "1257"]
[BlackElo "1773"]
[WhiteClock "01:10:43"]
[BlackClock "01:10:06"]
[WhiteTeam "Karlsruher SF 1853"]
[BlackTeam "Chemnitzer SC Aufbau`95"]
[PlyCount "56"]
[WhiteFideId "12964433"]
[BlackFideId "12924199"]
[EventCountry "GER"]
[EventRounds "7"]
[EventType "team-swiss"]
[EventDate "2015.12.26"]

1. e4 e6 2. d4 d5 3. Nc3 Bb4 4. Bd3 c5 5. exd5 cxd4 6. a3 dxc3 7. axb4 Qxd5 8.
Qf3 Qe5+ 9. Qe3 Qxe3+ 10. Bxe3 cxb2 11. Rb1 Nd7 12. Rxb2 Ngf6 13. Nf3 O-O 14.
O-O b6 15. Rd1 Bb7 16. Bb5 Rfd8 17. h3 Bxf3 18. gxf3 Ne5 19. Rxd8+ Rxd8 20. Kg2
Nd5 21. Bg5 f6 22. Bh4 Nf4+ 23. Kh2 g5 24. Bxg5 fxg5 25. Kg3 Rd1 26. Kh2 Nxf3+
27. Kg3 Ne5 28. f3 Rd2 0-1

[Event "DVM U20w 2015"]
[Site "Osnabrück GER"]
[Date "2015.12.28"]
[Round "4"]
[White "Diederichs, Luise"]
[Black "Klek, Hanna Marie"]
[Result "0-1"]
[Termination "normal"]
[Board "2.1"]
[WhiteElo "1964"]
[BlackElo "2307"]
[WhiteTeam "TuRa Harksheide Norderstedt"]
[BlackTeam "SC Bechhofen 1923"]
[PlyCount "112"]
[WhiteFideId "24692328"]
[BlackFideId "24670057"]
[EventCountry "GER"]
[EventRounds "7"]
[EventType "team-swiss"]
[EventDate "2015.12.26"]

1. d4 Nf6 2. c4 e6 3. Nc3 Bb4 4. Nf3 b6 5. Bg5 Bb7 6. e3 h6 7. Bxf6 Qxf6 8. Be2
O-O 9. O-O Bxc3 10. bxc3 d6 11. Nd2 Nd7 12. Bf3 Bxf3 13. Nxf3 Qe7 14. Nd2 e5
15. e4 f5 16. f3 Qf6 17. Nb3 fxe4 18. fxe4 Qh4 19. Qd3 Nf6 20. Nd2 Rae8 21.
Rae1 Kh8 22. Nf3 Qh5 23. h3 Nd7 24. Nd2 Qg6 25. Nf3 Rf4 26. Nd2 Ref8 27. Rxf4
Rxf4 28. Nf3 Qg3 29. Re2 Nf6 30. Re3 Nh5 31. dxe5 Rf8 32. exd6 Nf4 33. Qd2
Nxh3+ 34. Kh1 cxd6 35. Qe2 Nf2+ 36. Kg1 Ng4 37. Rd3 Re8 38. Rd4 Nf6 39. Qd3 Qf4
40. Rxd6 Qc1+ 41. Kh2 Qf4+ 42. Kg1 Qxe4 43. Qxe4 Rxe4 44. Rd8+ Kh7 45. Rc8 Re2
46. c5 bxc5 47. Rxc5 Rxa2 48. Rc8 Ng4 49. g3 a5 50. c4 Ne3 51. Nh4 a4 52. c5 a3
53. Ra8 Nd5 54. c6 Ra1+ 55. Kh2 a2 56. Nf3 Rf1 0-1

[Event "DVM U20w 2015"]
[Site "Osnabrück GER"]
[Date "2015.12.28"]
[Round "4"]
[White "Alsheimer, Lea"]
[Black "Polert, Annika"]
[Result "1/2-1/2"]
[Termination "normal"]
[Board "2.2"]
[WhiteElo "1624"]
[BlackElo "1887"]
[WhiteTeam "SC Bechhofen 1923"]
[BlackTeam "TuRa Harksheide Norderstedt"]
[PlyCount "74"]
[WhiteFideId "12918180"]
[BlackFideId "24661597"]
[EventCountry "GER"]
[EventRounds "7"]
[EventType "team-swiss"]
[EventDate "2015.12.26"]

1. d4 Nf6 2. Nf3 g6 3. Nc3 Bg7 4. e4 d6 5. Be3 O-O 6. Qd2 c6 7. Bd3 Nbd7 8. Bh6
e5 9. dxe5 dxe5 10. Bxg7 Kxg7 11. h4 h5 12. O-O-O Qc7 13. Nh2 Nc5 14. Qe3 Nxd3+
15. Rxd3 Be6 16. Rhd1 a5 17. f3 a4 18. Qc5 Qa5 19. Qxa5 Rxa5 20. a3 Raa8 21.
Rd6 Rfb8 22. Nf1 Ne8 23. R6d3 b5 24. Ne3 b4 25. Nb1 Kf8 26. R1d2 Ke7 27. Nd1
Rb7 28. axb4 Rxb4 29. Na3 Rab8 30. Rc3 R4b6 31. Rdd3 Nd6 32. Rc5 f6 33. Rdc3
Bd7 34. Ra5 Rb4 35. Ra7 Nc8 36. Ra6 Nd6 37. Ra7 Nc8 1/2-1/2

[Event "DVM U20w 2015"]
[Site "Osnabrück GER"]
[Date "2015.12.28"]
[Round "4"]
[White "Rosmait, Emily"]
[Black "Böse, Carolin"]
[Result "1-0"]
[Termination "normal"]
[Board "2.3"]
[WhiteElo "1963"]
[BlackElo "1555"]
[WhiteTeam "TuRa Harksheide Norderstedt"]
[BlackTeam "SC Bechhofen 1923"]
[PlyCount "71"]
[WhiteFideId "12937754"]
[BlackFideId "12929646"]
[EventCountry "GER"]
[EventRounds "7"]
[EventType "team-swiss"]
[EventDate "2015.12.26"]

1. e4 c6 2. Nc3 d5 3. d4 dxe4 4. Nxe4 Nd7 5. Nf3 Ngf6 6. Ng3 g6 7. Be2 Bg7 8.
O-O O-O 9. Re1 Nb6 10. c3 Qc7 11. Bd3 Be6 12. Qe2 Rfe8 13. Bg5 Rad8 14. h3 Nbd5
15. Qd2 Nd7 16. Bh6 c5 17. Bxg7 Kxg7 18. Ng5 Nf4 19. Nxe6+ Nxe6 20. d5 Nf4 21.
c4 Nxd3 22. Qxd3 Nf6 23. Qc3 Kg8 24. Re2 a6 25. Rae1 b5 26. b3 Rb8 27. Nf1 a5
28. Nd2 a4 29. Nf3 axb3 30. axb3 Ra8 31. Ne5 bxc4 32. bxc4 e6 33. Nxg6 Kg7 34.
Ne5 Qe7 35. Nc6 Qc7 36. Re3 1-0

[Event "DVM U20w 2015"]
[Site "Osnabrück GER"]
[Date "2015.12.28"]
[Round "4"]
[White "Wagner, Swenja"]
[Black "Graf, Pia"]
[Result "1/2-1/2"]
[Termination "normal"]
[Board "3.1"]
[WhiteElo "1727"]
[BlackElo "1768"]
[WhiteTeam "Leegebrucher SF"]
[BlackTeam "USG Chemnitz"]
[PlyCount "105"]
[WhiteFideId "12900494"]
[BlackFideId "12917737"]
[EventCountry "GER"]
[EventRounds "7"]
[EventType "team-swiss"]
[EventDate "2015.12.26"]

1. e4 e6 2. d3 d5 3. Nd2 Nf6 4. Ngf3 b6 5. g3 Bb7 6. e5 Nfd7 7. d4 c5 8. c3 Nc6
9. Bg2 Be7 10. O-O Qc7 11. Re1 h6 12. h4 O-O 13. Nf1 Rfe8 14. Bf4 Nf8 15. h5
Nh7 16. Qd2 cxd4 17. Nxd4 Bg5 18. Rac1 Rad8 19. Nb5 Qe7 20. Nd6 Bxf4 21. Qxf4
Rf8 22. Qe3 Ba6 23. b4 Bxf1 24. Kxf1 Qd7 25. Red1 Nxe5 26. Qxe5 Qxd6 27. Qxd6
Rxd6 28. c4 Nf6 29. Bf3 Rfd8 30. c5 bxc5 31. bxc5 Rc6 32. Rd2 Rdc8 33. Rdc2 Nd7
34. Rb2 R6c7 35. c6 Nb6 36. Rbc2 Nc4 37. Rxc4 dxc4 38. Rxc4 Kf8 39. g4 Ke7 40.
Rb4 Kd6 41. Rd4+ Kc5 42. Rd2 Rxc6 43. Bxc6 Kxc6 44. Ke2 Kc7 45. Ke3 Rd8 46.
Rc2+ Kd6 47. Rb2 Ke7 48. Ke4 Rd7 49. f3 Kf6 50. Rb5 g6 51. hxg6 fxg6 52. f4 Kf7
53. a3 1/2-1/2

[Event "DVM U20w 2015"]
[Site "Osnabrück GER"]
[Date "2015.12.28"]
[Round "4"]
[White "Kluge, Leyla"]
[Black "Wolff, Marie"]
[Result "0-1"]
[Termination "normal"]
[Board "3.2"]
[WhiteElo "1604"]
[BlackElo "1703"]
[WhiteTeam "USG Chemnitz"]
[BlackTeam "Leegebrucher SF"]
[PlyCount "80"]
[WhiteFideId "12918172"]
[BlackFideId "12908258"]
[EventCountry "GER"]
[EventRounds "7"]
[EventType "team-swiss"]
[EventDate "2015.12.26"]

1. c4 c5 2. Nc3 Nc6 3. g3 Nf6 4. Bg2 g6 5. d3 Bg7 6. e3 O-O 7. Nge2 a6 8. O-O
Rb8 9. a3 b5 10. cxb5 axb5 11. Qc2 Qc7 12. Bd2 d6 13. Rac1 b4 14. Na4 b3 15.
Qd1 Qd7 16. d4 Nxd4 17. exd4 Qxa4 18. dxc5 dxc5 19. Rxc5 Be6 20. Bb4 Rfd8 21.
Qc1 Nd5 22. Ra5 Qe8 23. Ra7 Nxb4 24. axb4 Rxb4 25. Bc6 Bd7 26. Bxd7 Rxd7 27.
Rxd7 Qxd7 28. Rd1 Qe8 29. Qc7 Rb8 30. Rd7 Bf6 31. h4 Qc8 32. Qxc8+ Rxc8 33. Rb7
Rc2 34. Nc3 Rxb2 35. Ne4 Kg7 36. Nc5 Rb1+ 37. Kg2 b2 38. Ne4 Bd4 39. Nd2 Rd1
40. Nf3 Bf6 0-1

[Event "DVM U20w 2015"]
[Site "Osnabrück GER"]
[Date "2015.12.28"]
[Round "4"]
[White "Sauer, Annika"]
[Black "Oltmanns, Bianca"]
[Result "0-1"]
[Termination "normal"]
[Board "3.3"]
[WhiteElo "1653"]
[BlackElo "1745"]
[WhiteTeam "Leegebrucher SF"]
[BlackTeam "USG Chemnitz"]
[PlyCount "94"]
[WhiteFideId "12952052"]
[BlackFideId "24698008"]
[EventCountry "GER"]
[EventRounds "7"]
[EventType "team-swiss"]
[EventDate "2015.12.26"]

1. d4 f5 2. Nf3 Nf6 3. e3 g6 4. c4 Bg7 5. b4 d6 6. Bb2 O-O 7. Be2 Qe8 8. Nc3 b6
9. Qc2 Bb7 10. O-O a6 11. Rfd1 Nbd7 12. Ng5 e5 13. d5 Rc8 14. Ne6 Rf7 15. Nxg7
Kxg7 16. Qb3 Kh8 17. Bf1 Nh5 18. Ne2 g5 19. Ng3 Nxg3 20. hxg3 f4 21. exf4 gxf4
22. gxf4 Rxf4 23. g3 Qg6 24. Bg2 Rf7 25. Rac1 Rcf8 26. Rd2 Bc8 27. Qc2 Qh5 28.
Qe4 Qg5 29. Re2 Nf6 30. Qh4 Qxh4 31. gxh4 Rg7 32. Kf1 Nh5 33. Rec2 Rf4 34. Rc3
Rxh4 35. Bf3 Nf4 36. Ke1 Rh2 37. R1c2 Bf5 38. Re2 Nxe2 39. Kxe2 Bg4 40. Bc1
Bxf3+ 41. Rxf3 Kg8 42. Ra3 Rg4 43. c5 Rxb4 44. cxd6 cxd6 45. Rxa6 Rh3 46. Ra8+
Kf7 47. Ba3 Rb5 0-1

[Event "DVM U20w 2015"]
[Site "Osnabrück GER"]
[Date "2015.12.28"]
[Round "4"]
[White "Wienhold, Nadine"]
[Black "Fischer, Trixy"]
[Result "1-0"]
[Termination "normal"]
[Board "3.4"]
[WhiteElo "1375"]
[BlackElo "651"]
[WhiteTeam "USG Chemnitz"]
[BlackTeam "Leegebrucher SF"]
[PlyCount "87"]
[WhiteFideId "12964514"]
[BlackFideId "16217462"]
[EventCountry "GER"]
[EventRounds "7"]
[EventType "team-swiss"]
[EventDate "2015.12.26"]

1. e4 e5 2. Nf3 Nc6 3. Bc4 Nf6 4. d3 Bc5 5. Bg5 h6 6. Bh4 O-O 7. O-O d6 8. c3
Qe8 9. Re1 Be6 10. Nbd2 Qd7 11. Bxe6 Qxe6 12. Nb3 Nh5 13. d4 Bb6 14. d5 Qg6 15.
dxc6 Nf4 16. Bg3 Nh5 17. Nh4 Qe6 18. Qxh5 g6 19. Qxh6 Rae8 20. cxb7 c5 21. Rad1
Qf6 22. Re2 Qg7 23. Qxg7+ Kxg7 24. Rxd6 Bc7 25. Rd5 f6 26. Nxc5 Rh8 27. Rd7+
Kf8 28. Rxc7 g5 29. Rc8 Kf7 30. Rxe8 Rxe8 31. Nd7 Ke7 32. b8=Q Rxb8 33. Nxb8
gxh4 34. Bxh4 a6 35. Rd2 Ke6 36. c4 Kf7 37. c5 f5 38. c6 fxe4 39. c7 a5 40.
Rd7+ Ke6 41. c8=Q Kf5 42. Rf7+ Kg6 43. Qg8+ Kh5 44. Qg5# 1-0

[Event "DVM U20w 2015"]
[Site "Osnabrück GER"]
[Date "2015.12.28"]
[Round "4"]
[White "Hund, Sarah"]
[Black "Weber, Sandra"]
[Result "1-0"]
[Termination "normal"]
[Board "4.1"]
[WhiteElo "1881"]
[BlackElo "1873"]
[WhiteTeam "SK Freiburg Zähringen 1887"]
[BlackTeam "SV Stuttgart-Wolfbusch 1956"]
[PlyCount "51"]
[WhiteFideId "12923338"]
[BlackFideId "1270049"]
[EventCountry "GER"]
[EventRounds "7"]
[EventType "team-swiss"]
[EventDate "2015.12.26"]

1. e4 c5 2. Nc3 Nc6 3. f4 g6 4. Nf3 Bg7 5. Bb5 Nd4 6. O-O Nxb5 7. Nxb5 d5 8.
exd5 a6 9. Nc3 Nf6 10. d4 Nxd5 11. dxc5 Nxc3 12. Qxd8+ Kxd8 13. bxc3 Bxc3 14.
Rb1 Kc7 15. Rb3 Bf6 16. Bd2 Be6 17. Ba5+ Kc6 18. Rb6+ Kxc5 19. Nd2 Bd4+ 20. Kh1
Bd5 21. c4 Be3 22. Nb3+ Kxc4 23. Rb4+ Kd3 24. Rd1+ Ke2 25. Rxd5 Rac8 26. Re4
1-0

[Event "DVM U20w 2015"]
[Site "Osnabrück GER"]
[Date "2015.12.28"]
[Round "4"]
[White "Lederer, Leia"]
[Black "Denz, Annika"]
[Result "1-0"]
[Termination "normal"]
[Board "4.2"]
[WhiteElo "1565"]
[BlackElo "1648"]
[WhiteTeam "SV Stuttgart-Wolfbusch 1956"]
[BlackTeam "SK Freiburg Zähringen 1887"]
[PlyCount "27"]
[WhiteFideId "12926353"]
[BlackFideId "12922935"]
[EventCountry "GER"]
[EventRounds "7"]
[EventType "team-swiss"]
[EventDate "2015.12.26"]

1. e4 e5 2. Nf3 Nc6 3. Bb5 Nge7 4. Nc3 a6 5. Ba4 b5 6. Bb3 Bb7 7. Ng5 d5 8. Qf3
f6 9. Ne6 Qd7 10. Nxd5 Rc8 11. Nc5 Nd4 12. Qh5+ g6 13. Nxf6+ Kd8 14. Nxb7# 1-0

[Event "DVM U20w 2015"]
[Site "Osnabrück GER"]
[Date "2015.12.28"]
[Round "4"]
[White "Neisius, Laura Maria"]
[Black "Kobald, Jacqueline"]
[Result "0-1"]
[Termination "normal"]
[Board "4.3"]
[WhiteElo "1463"]
[BlackElo "1434"]
[WhiteTeam "SK Freiburg Zähringen 1887"]
[BlackTeam "SV Stuttgart-Wolfbusch 1956"]
[PlyCount "88"]
[WhiteFideId "12910040"]
[BlackFideId "12988162"]
[EventCountry "GER"]
[EventRounds "7"]
[EventType "team-swiss"]
[EventDate "2015.12.26"]

1. e4 c5 2. Nf3 Nc6 3. Bb5 Nd4 4. Bc4 g6 5. c3 b5 6. Bd5 Nc6 7. Ne5 Nxe5 8.
Bxa8 Nd3+ 9. Kf1 Ba6 10. Bd5 c4 11. e5 Qb6 12. Qf3 e6 13. Be4 Nxc1 14. Ke1 Nd3+
15. Bxd3 cxd3 16. Qxd3 Bg7 17. Qg3 Ne7 18. d4 Nf5 19. Qh3 b4 20. Nd2 bxc3 21.
bxc3 Ke7 22. g4 Nh6 23. Qh4+ Ke8 24. Rb1 Qc7 25. Ne4 Ng8 26. f3 Ne7 27. Kf2 h5
28. Rb2 hxg4 29. Qxg4 Nf5 30. h3 Rh5 31. Rhb1 Bd3 32. Rb8+ Ke7 33. R1b7 Qa5 34.
Rb2 Bxe4 35. Qxe4 Rxh3 36. d5 exd5 37. Qb4+ Qxb4 38. R2xb4 Bxe5 39. f4 Bxb8 40.
Rxb8 Rh2+ 41. Kf3 Rxa2 42. Rb3 a5 43. Rb5 Ke6 44. Kg4 a4 0-1

[Event "DVM U20w 2015"]
[Site "Osnabrück GER"]
[Date "2015.12.28"]
[Round "4"]
[White "Liu, Sijia Anna"]
[Black "Antusch, Isabella"]
[Result "0-1"]
[Termination "normal"]
[Board "4.4"]
[WhiteElo "1190"]
[BlackElo "1139"]
[WhiteTeam "SV Stuttgart-Wolfbusch 1956"]
[BlackTeam "SK Freiburg Zähringen 1887"]
[PlyCount "114"]
[WhiteFideId "12989746"]
[BlackFideId "12963941"]
[EventCountry "GER"]
[EventRounds "7"]
[EventType "team-swiss"]
[EventDate "2015.12.26"]

1. e4 c5 2. Nf3 Nc6 3. Nc3 Nf6 4. d4 cxd4 5. Nxd4 e5 6. Ndb5 d6 7. Bc4 a6 8.
Na3 b5 9. Bd5 Bb7 10. Ne2 Nxd5 11. Qxd5 Be7 12. O-O O-O 13. Ng3 Qc7 14. Qd1 Nd8
15. Nb1 Ne6 16. Nc3 Rad8 17. Qg4 d5 18. exd5 Bxd5 19. Nf5 Bf6 20. Be3 Ba8 21.
Rad1 Qc6 22. Rd2 Rxd2 23. Bxd2 Rd8 24. Bh6 g6 25. Re1 Qxg2+ 26. Qxg2 Bxg2 27.
Kxg2 gxf5 28. Rg1 Kh8 29. Rd1 e4 30. Rxd8+ Nxd8 31. f3 Bxc3 32. bxc3 f6 33. Kf2
Nb7 34. Ke3 Nc5 35. Kd4 exf3 36. Be3 Ne4 37. Kd3 f2 38. Ke2 Nxc3+ 39. Kxf2 Nxa2
40. Bd4 Kg7 41. Bc5 Kf7 42. Ke3 a5 43. Kd3 Ke6 44. Bb6 a4 45. Bc5 Kd5 46. Ba3
f4 47. Ke2 b4 48. Bb2 Nc3+ 49. Kf3 Ke5 50. h3 h6 51. Kg4 Ke4 52. h4 h5+ 53. Kh3
f3 54. Kg3 a3 55. Ba1 Ke3 56. Kh2 f2 57. Kg2 Ke2 0-1

[Event "DVM U20w 2015"]
[Site "Osnabrück GER"]
[Date "2015.12.28"]
[Round "4"]
[White "Koch, Elisabeth"]
[Black "Neumann, Isabel"]
[Result "1-0"]
[Termination "normal"]
[Board "5.2"]
[WhiteElo "1682"]
[BlackElo "1644"]
[WhiteTeam "BSV 63 Chemie Weißensee"]
[BlackTeam "SV 1919 Grimma"]
[PlyCount "149"]
[WhiteFideId "24695068"]
[BlackFideId "12964468"]
[EventCountry "GER"]
[EventRounds "7"]
[EventType "team-swiss"]
[EventDate "2015.12.26"]

1. e4 c5 2. Nf3 e6 3. Qe2 a6 4. d4 cxd4 5. Nxd4 Qc7 6. Be3 Nf6 7. Nc3 b5 8. f4
Bb7 9. e5 Nd5 10. Nxd5 Bxd5 11. Rd1 Qa5+ 12. Qd2 Qxa2 13. b3 Qa3 14. Bxb5 axb5
15. Nxb5 Qa5 16. Qxa5 Rxa5 17. Nc7+ Kd8 18. Bb6 Bb4+ 19. Kf1 Ke7 20. Bxa5 Bxa5
21. Nxd5+ exd5 22. Rxd5 Nc6 23. Ke2 Rb8 24. Rhd1 Rb7 25. Kf3 Bb4 26. g4 Ba5 27.
Ra1 Bb6 28. Ra8 Nd4+ 29. Ke4 Nxc2 30. Rb5 Ra7 31. Rxa7 Bxa7 32. Rb7 Bg1 33. h3
Nd4 34. Rb8 g6 35. b4 Nc6 36. Rb7 Nd8 37. Rb8 Nc6 38. Rh8 Nxb4 39. Rxh7 Nc6 40.
h4 Nd8 41. h5 gxh5 42. gxh5 Ne6 43. h6 Bh2 44. Rg7 Nxg7 45. h7 Ne6 46. h8=Q
Bxf4 47. Qf6+ Ke8 48. Kd5 Bg5 49. Qh8+ Ke7 50. Kc4 Be3 51. Kb5 Bc5 52. Ka6 Be3
53. Kb7 Bg5 54. Qh3 Bf4 55. Qa3+ Ke8 56. Qd6 Bg5 57. Kc8 Be7 58. Qxd7+ Kf8 59.
Qd3 Ke8 60. Qh7 Bf8 61. Qh4 Be7 62. Qa4+ Kf8 63. Qb5 Bd8 64. Kd7 Bg5 65. Qb8+
Bd8 66. Kd6 Ke8 67. Qb5+ Kf8 68. Kd7 Be7 69. Qb8+ Bd8 70. Qc8 Kg7 71. Ke8 Kg6
72. Qb7 Kf5 73. Qxf7+ Kxe5 74. Kd7 Ng5 75. Qe8+ 1-0